Very Best of A.P.J. Abdul Kalam: The Righteous Life (Record no. 46530)
[ view plain ]
| 000 -LEADER | |
|---|---|
| fixed length control field | 00498nam a2200181Ia 4500 |
| 008 - FIXED-LENGTH DATA ELEMENTS--GENERAL INFORMATION | |
| fixed length control field | 220531s9999 xx 000 0 und d |
| 041 ## - LANGUAGE CODE | |
| Language code of text/sound track or separate title | eng |
| 082 ## - DEWEY DECIMAL CLASSIFICATION NUMBER | |
| Item number | VER / KAL |
| 100 ## - MAIN ENTRY--PERSONAL NAME | |
| Personal name | Kalam, A. P. J. Abdul |
| 9 (RLIN) | 84571 |
| 245 ## - TITLE STATEMENT | |
| Title | Very Best of A.P.J. Abdul Kalam: The Righteous Life |
| 250 ## - EDITION STATEMENT | |
| Edition statement | 1ST |
| 260 ## - PUBLICATION, DISTRIBUTION, ETC. (IMPRINT) | |
| Place of publication, distribution, etc. | New Delhi |
| Name of publisher, distributor, etc. | Rupa Publication |
| Date of publication, distribution, etc. | 2014 |
| 300 ## - PHYSICAL DESCRIPTION | |
| Extent | 226 |
| 542 ## - INFORMATION RELATING TO COPYRIGHT STATUS | |
| Copyright holder | 03-03-2018 |
| 650 ## - SUBJECT ADDED ENTRY--TOPICAL TERM | |
| Topical term or geographic name as entry element | Selected Writings and lectures |
| 9 (RLIN) | 84572 |
| 906 ## - LOCAL DATA ELEMENT F, LDF (RLIN) | |
| d | 2017-2018 |
| f | 12002 |
| Withdrawn status | Lost status | Source of classification or shelving scheme | Damaged status | Not for loan | Collection code | Home library | Current library | Date acquired | Vendor | Cost, normal purchase price | Total Checkouts | Total Holds | Full call number | Barcode | Date last seen | Cost, replacement price | Bill Date | Koha item type | Original Barcode |
|---|---|---|---|---|---|---|---|---|---|---|---|---|---|---|---|---|---|---|---|
| Dewey Decimal Classification | Shri Siddhivinayak Mahila Mahavidyalaya | Shri Siddhivinayak Mahila Mahavidyalaya | 03/03/2018 | Ranade, P.B. | 295.00 | 1 | /VER/KAL/B/25860 | SSMM-BK-25860 | 06/08/2022 | 295.00 | 06/08/2022 | Books | 010025860 |